00301nam a2200133Ia 45000030006000000080041000060400015000471000016000622450023000782600033001013000006001345460010001400050017001500STCL150530s9999 xx 000 0 und d aSTCLcSTCL aVatsyayan S aKendra Aur Paridhi bNational; Delhic1984aDelhi a0 aHindi20220125171257.0